| 000 | 00530nam a22001697a 4500 | ||
|---|---|---|---|
| 005 | 20260326142346.0 | ||
| 008 | 260326b |||||||| |||| 00| 0 eng d | ||
| 020 | _a978-93-87791-89-3 | ||
| 082 | _a613.2 | ||
| 100 | _aSuresh Nambath [Ed.] | ||
| 245 |
_aDiet, Sleep, Exercise _bA Comprehensive Guide to a HealthyLifestyle _cSuresh Nambath [Ed.] |
||
| 250 | _a1st | ||
| 260 |
_aChennai _bTHG Publishing Private Ltd. _c2025 |
||
| 650 |
_vAllied Health Science _xHuman Genetics and Molecular Biology |
||
| 942 | _cBK | ||
| 999 |
_c249493 _d249493 |
||